Opera a slávnosti

Bibliographic Details
Main Author: Unger, Pavel, 1951- (Author)
Format: Article
Language:Slovak
PhysicalDescription:Obr. 2.
Subjects:

MARC

LEADER 00000nab a2200000 a 4500
001 vtls000141509
003 SK-MaSNL
005 20260426075449.0
008 250422c1983 xo 0 slo
015 |a SNBRB19rr/mm-uuuuu 
035 |a CL0151615 
035 |a urn:nbn:sk:snk-abdlki 
035 |a (urnnbn)urn:nbn:sk:snk:ar-001nb6 
035 |a (uuid)9ae759d8-63d4-4ceb-9bbc-d64c3ddad6ba 
040 |a SNKBUCL  |b slo  |c SNKBUCL  |e AACR2 
041 0 |a slo 
044 |a xo  |c SK 
080 |a 78.091.4:782/785  |2 1981 
100 1 |a Unger, Pavel,  |d 1951-  |4 aut  |9 340556 
245 1 0 |a Opera a slávnosti  |c Pavel Unger 
300 |b Obr. 2. 
611 2 7 |a Bratislavské hudobné slávnosti  |n (18. :  |d 1982 :  |c Bratislava, Slovensko)  |2 snkbucl  |9 36195 
650 0 7 |a opera  |2 snkbucl  |9 3212 
651 7 |a Bratislava (Slovensko)  |2 snkbucl  |9 14568 
655 7 |a články z novín a časopisov  |2 snkbucl  |9 267496 
773 0 |t Film a divadlo  |g Roč. 27, č. 1 (1983), s. 26-27 
850 |a Slovenská národná knižnica 
852 |a Slovenská národná knižnica 
954 |a odborná, vedecká literatúra pôvodná (slovenská)  |2 lita 
958 |a article19 
958 |a OND 
958 |a EUIPO 
992 |a RBX 
999 |c 2774155  |d 2776085